00378 2200157 4500001002100000005001500021035002000036245004000056100002000096300001700116260003100133082000800164084001400172020002200186990001200208INLIS00000000000332120251222090045 a0010-12250001421 aQQ Sweeper Vol.3 /cKyousuke Motomi0 aKyousuke Motomi c11,5 x 17 cm aJakarta :bGramedia,c2016 a700 a700 KYO q a978-602-4281-71-7 a0754503